Normal view
MARC view
- Verma.S.L
Entry Personal Name
001 - CONTROL NUMBER
- control field: 478
003 - CONTROL NUMBER IDENTIFIER
- control field: NUST
005 - DATE AND TIME OF LATEST TRANSACTION
- control field: 20170511131931.0
008 - FIXED-LENGTH DATA ELEMENTS
- fixed length control field: 170511|| aca||aabn | a|a d
040 ## - CATALOGING SOURCE
- Original cataloging agency: NUST
- Transcribing agency: NUST
100 ## - HEADING--PERSONAL NAME
- Personal name: Verma.S.L
670 ## - SOURCE DATA FOUND
- Source citation: Work cat.: (NUST)24113: Verma.S.L, Modern political theory, [1973, c1970]
